000 00638nam a2200217Ia 4500
003 IN-BaIIA
008 211028s9999 xx 000 0 eng d
020 _a978-0-486-68754-4
040 _cIIA Library
080 _a530.145
_bMAR
100 _aMarch, N. H
_936417
245 4 _aThe many body problem in quantum mechanics
_cby N.H. March, W.H. Young and S. Sampanthar.
260 _aNew York
_bDover Publications
_c1995
300 _aix, 459p.
490 _aDover books on physics
650 _aMany body problem
_91542
650 _aQuantum theory
700 _aSampanthar, S
_936418
700 _aYoung, W. H
_936419
942 _cBK
999 _c19072
_d19072